000 00386nam a2200133Ia 4500
008 231221s9999 xx 000 0 und d
020 _a978-0-85729-808-9
041 _aEnglish
100 _aJacob T. Schwartz, Domenico Cantone, Eugenio G. Omodeo
245 0 _aComputational Logic and Set Theory
260 _c2011
_bSpringer US
_aNew York
650 _aComputer Science
942 _cEB
999 _c218414
_d218414